Crashing computers / (Record no. 2012)

MARC details
000 -LEADER
fixed length control field 00887nam a22002531a 4500
003 - CONTROL NUMBER IDENTIFIER
control field Uk
005 - DATE AND TIME OF LATEST TRANSACTION
control field 20250108114025.0
020 ## - INTERNATIONAL STANDARD BOOK NUMBER
International Standard Book Number 9781407108339 (pbk.) :
Terms of availability £4.99
020 ## - INTERNATIONAL STANDARD BOOK NUMBER
International Standard Book Number 1407108336 (pbk.) :
Terms of availability £4.99
040 ## - CATALOGING SOURCE
Original cataloging agency StDuBDS
Language of cataloging eng
Transcribing agency StDuBDS
Modifying agency Uk
082 04 - DEWEY DECIMAL CLASSIFICATION NUMBER
Classification number 004
Edition number 22
100 1# - MAIN ENTRY--PERSONAL NAME
Personal name Coleman, Michael
Dates associated with a name 1946-
245 10 - TITLE STATEMENT
Title Crashing computers /
Statement of responsibility, etc. Michael Coleman.
260 ## - PUBLICATION, DISTRIBUTION, ETC.
Place of publication, distribution, etc. London :
Name of publisher, distributor, etc. Scholastic,
Date of publication, distribution, etc. 2009.
300 ## - PHYSICAL DESCRIPTION
Extent 160 pages :
Dimensions 20 cm
490 0# - SERIES STATEMENT
Series statement Totally
500 ## - GENERAL NOTE
General note Formerly CIP.
Institution to which field applies Uk
505 ## - FORMATTED CONTENTS NOTE
Formatted contents note Z
520 ## - SUMMARY, ETC.
Summary, etc. This interactive guide offers lots of data about computer games and computing robots, computer crooks and virtual reality. Find out how to surf the net, how to e-mail a mate, and whether computers really are cleverer than us.
521 ## - TARGET AUDIENCE NOTE
Target audience note 1420-1600
Source Lexile Analyzer Tool
650 #0 - SUBJECT ADDED ENTRY--TOPICAL TERM
Topical term or geographic name entry element Computers
Form subdivision Juvenile literature.
942 ## - ADDED ENTRY ELEMENTS (KOHA)
Source of classification or shelving scheme Dewey Decimal Classification
Koha item type Books
Suppress in OPAC No
999 ## -
-- 2012
-- 2012
Holdings
Withdrawn status Lost status Source of classification or shelving scheme Damaged status Not for loan Collection Home library Current library Shelving location Date acquired Total Checkouts Full call number Barcode Date last seen Date last checked out Copy number Price effective from Koha item type
    Dewey Decimal Classification     Non-Fiction Footprints International School Library Network Toul Kork Campus Footprints International School Library Network Toul Kork Campus   10/27/2023 1 COL 004 FISTKG4B066 04/10/2024 03/27/2024 1 10/27/2023 Books
    Dewey Decimal Classification     Non-Fiction Footprints International School Library Network Toul Kork Campus Footprints International School Library Network Toul Kork Campus   04/10/2024   COL 004 FISTKG4B026 04/10/2024   2 04/10/2024 Books
    Dewey Decimal Classification     Non-Fiction Footprints International School Library Network Toul Kork Campus Footprints International School Library Network Toul Kork Campus TTP Secondary Non-Fiction Bookshelves 04/10/2024   COL 004 FISSE02009 11/25/2024   3 04/10/2024 Books
    Dewey Decimal Classification     Non-Fiction Footprints International School Library Network Toul Kork Campus Footprints International School Library Network Toul Kork Campus TTP Secondary Non-Fiction Bookshelves 04/10/2024   COL 004 FISO5368 01/08/2025   4 04/10/2024 Books
    Dewey Decimal Classification     Non-Fiction Footprints International School Library Network Toul Kork Campus Footprints International School Library Network Toul Kork Campus TTP Secondary Non-Fiction Bookshelves 04/10/2024   COL 004 FISSE00056 01/08/2025   5 04/10/2024 Books